<?xml version="1.0" encoding="UTF-8"?><?xml-stylesheet type="text/xsl" href="static/style.xsl"?><OAI-PMH xmlns="http://www.openarchives.org/OAI/2.0/" xmlns:xsi="http://www.w3.org/2001/XMLSchema-instance" xsi:schemaLocation="http://www.openarchives.org/OAI/2.0/ http://www.openarchives.org/OAI/2.0/OAI-PMH.xsd"><responseDate>2026-04-17T03:45:09Z</responseDate><request verb="GetRecord" identifier="oai:www.recercat.cat:2445/228606" metadataPrefix="marc">https://recercat.cat/oai/request</request><GetRecord><record><header><identifier>oai:recercat.cat:2445/228606</identifier><datestamp>2026-04-08T13:43:41Z</datestamp><setSpec>com_2072_1057</setSpec><setSpec>col_2072_478826</setSpec><setSpec>col_2072_478917</setSpec></header><metadata><record xmlns="http://www.loc.gov/MARC21/slim" xmlns:dcterms="http://purl.org/dc/terms/" xmlns:xsi="http://www.w3.org/2001/XMLSchema-instance" xmlns:doc="http://www.lyncode.com/xoai" xsi:schemaLocation="http://www.loc.gov/MARC21/slim http://www.loc.gov/standards/marcxml/schema/MARC21slim.xsd">
   <leader>00925njm 22002777a 4500</leader>
   <datafield ind2=" " ind1=" " tag="042">
      <subfield code="a">dc</subfield>
   </datafield>
   <datafield ind2=" " ind1=" " tag="720">
      <subfield code="a">Dondini, Cosimo</subfield>
      <subfield code="e">author</subfield>
   </datafield>
   <datafield ind2=" " ind1=" " tag="720">
      <subfield code="a">Úbeda, Xavier</subfield>
      <subfield code="e">author</subfield>
   </datafield>
   <datafield ind2=" " ind1=" " tag="720">
      <subfield code="a">Certini, Giacomo</subfield>
      <subfield code="e">author</subfield>
   </datafield>
   <datafield ind2=" " ind1=" " tag="720">
      <subfield code="a">Francos, Marcos</subfield>
      <subfield code="e">author</subfield>
   </datafield>
   <datafield ind2=" " ind1=" " tag="260">
      <subfield code="c">2026-03-30T14:38:17Z</subfield>
   </datafield>
   <datafield ind2=" " ind1=" " tag="260">
      <subfield code="c">2026-03-30T14:38:17Z</subfield>
   </datafield>
   <datafield ind2=" " ind1=" " tag="260">
      <subfield code="c">2024-01-18</subfield>
   </datafield>
   <datafield ind2=" " ind1=" " tag="260">
      <subfield code="c">2026-03-30T14:38:17Z</subfield>
   </datafield>
   <datafield ind2=" " ind1=" " tag="520">
      <subfield code="a">Purpose Urban agriculture is expanding worldwide and is being promoted by the FAO as a strategic activity because of itsenvironmental, socio-economic, and educational benefits for citizens. In Spain, it is estimated that there are more than 20,000urban gardens. There are many variables to take into account when starting to cultivate an urban garden, among which thequality of the soil is crucial. Nevertheless, some studies have shown high levels of contamination in soils dedicated to urbanhorticulture. The sources of contamination can be various, such as previous unrecognized management and irrigation withpoor quality water, or the addition of polluted compost and other soil improvers. Soil contamination can migrate to vegetablesand fruits, thus entering the food chain.Materials and methods In this study, we analyzed the soils from ten urban gardens in the city of Barcelona, with a specialfocus on possible contaminants. Based on the possibility that irrigation water is a source of pollution, this was also analyzedin all investigated gardens.Results and discussion Some of the waters analyzed for irrigation have a high concentration of salts, and a few of them containnitrites, which are listed as a pollutant. The dominant texture of the soils was sandy clay loam and loamy sand, the pHwas generally high, between 7.87 and 8.41, clearly carbonated, with Ca generally being the dominant exchangeable cation,but without the risk of a high percentage of active carbonates that could make it difficult to grow vegetables. The content inorganic matter was very variable, but in all cases it appeared to be potentially incrementable. The three tests used to checkpossible soil contamination from heavy metals, do not attest to significant pollution.Conclusions The soil quality overall is suitable for growing vegetables and allowing growers to work in these areas incomplete safety. Although it would be necessary to analyze also other toxic elements, not considered in this study, some ofthe measured ones could come from the gases of road transport or even from the port of Barcelona.</subfield>
   </datafield>
   <datafield tag="653" ind2=" " ind1=" ">
      <subfield code="a">Agricultura urbana</subfield>
   </datafield>
   <datafield tag="653" ind2=" " ind1=" ">
      <subfield code="a">Anàlisi de l'aigua</subfield>
   </datafield>
   <datafield tag="653" ind2=" " ind1=" ">
      <subfield code="a">Contaminació dels sòls</subfield>
   </datafield>
   <datafield tag="653" ind2=" " ind1=" ">
      <subfield code="a">Ciutats intel·ligents</subfield>
   </datafield>
   <datafield tag="653" ind2=" " ind1=" ">
      <subfield code="a">Barcelona (Catalunya)</subfield>
   </datafield>
   <datafield tag="653" ind2=" " ind1=" ">
      <subfield code="a">Urban agriculture</subfield>
   </datafield>
   <datafield tag="653" ind2=" " ind1=" ">
      <subfield code="a">Water analysis</subfield>
   </datafield>
   <datafield tag="653" ind2=" " ind1=" ">
      <subfield code="a">Soil pollution</subfield>
   </datafield>
   <datafield tag="653" ind2=" " ind1=" ">
      <subfield code="a">Smart cities</subfield>
   </datafield>
   <datafield tag="653" ind2=" " ind1=" ">
      <subfield code="a">Barcelona (Catalonia)</subfield>
   </datafield>
   <datafield ind2="0" ind1="0" tag="245">
      <subfield code="a">Soil quality in the urban gardens of Barcelona (Spain)</subfield>
   </datafield>
</record></metadata></record></GetRecord></OAI-PMH>